Panky in love

Bibliographic Details
Main Author: Saxon, Nancy
Format: Book
Published: New York : Atheneum , 1985
Subjects:

MARC

LEADER 00000cam a2200000 7i4500
001 0000008626
002 000009402
005 20000330.0
020 |a 068931101X 
090 0 0 |a JF   |b SAX 
100 1 |a Saxon, Nancy 
245 1 0 |a Panky in love   |c Nancy Saxon 
260 |a New York :   |b Atheneum ,   |c 1985 
300 |a 155p. ;   |c 21cm. 
650 0 0 |a Children's stories 
999 |a 0009251   |b BUKU   |c PINJAMAN   |e PERPUSTAKAAN KOMUNITI PETALING JAYA